000 00442nam a2200169 a 4500
001 0000-8750
003 ELIB.Books
008 110520 1975
035 _a(ELIB.Books)0000-8896
082 _a230
_bTor
100 _aTorrance, T. F.
245 _aTheology in Reconstruction
260 _bGrand Rapids: Wm .B.Eerdmans Publishing Company
_c1975
650 _aTheology
942 _2ddc
_cBK
998 _cbat
_e2011-05-20
999 _c8750
_d8750